Central Library OPAC University of Rajshahi

A study of history / (Record no. 23167)

MARC details
000 -LEADER
fixed length control field 01016nam a2200289 a 4500
001 - CONTROL NUMBER
control field 23167
003 - CONTROL NUMBER IDENTIFIER
rucl marc code BD-RjUL
005 - DATE AND TIME OF LATEST TRANSACTION
control field 20211209000911.0
008 - FIXED-LENGTH DATA ELEMENTS--GENERAL INFORMATION
fixed length control field 140310s1957 enkab b 001 0 eng
035 ## - SYSTEM CONTROL NUMBER
System control number (BD-RjUL)23232
040 ## - CATALOGING SOURCE
Original cataloging agency DLC
Transcribing agency DLC
Modifying agency DLC
-- BD-RjUL
Language of cataloging eng
041 ## - LANGUAGE CODE
Language code of text/sound track or separate title eng
082 00 - DEWEY DECIMAL CLASSIFICATION NUMBER
Classification number 909
Author mark and year TOS
100 1# - MAIN ENTRY--PERSONAL NAME
Personal name Toynbee, Arnold
Dates associated with a name 1889-1975.
9 (RLIN) 65670
245 12 - TITLE STATEMENT
Title A study of history /
Statement of responsibility, etc. Arnold,Toynbee
Number of part/section of a work Abridgement of Volumes VII-X. By D. C. Somervell.
260 ## - PUBLICATION, DISTRIBUTION, ETC. (IMPRINT)
Place of publication, distribution, etc. London ;
-- New York :
Name of publisher, distributor, etc. Oxford University Press,
Date of publication, distribution, etc. c1957.
300 ## - PHYSICAL DESCRIPTION
Pagination xii, 414 p. ;
Size 23 cm.
500 ## - GENERAL NOTE
General note "Issued under the auspices of the Royal Institute of International Affairs."
504 ## - BIBLIOGRAPHY, ETC. NOTE
Bibliography, etc Includes bibliographies.
505 ## - FORMATTED CONTENTS NOTE
Formatted contents note [1] Abridgement of volumes I-VI -- [2] Abridgement of volumes VII-X.
650 #0 - SUBJECT ADDED ENTRY--TOPICAL TERM
Topical term or geographic name as entry element Civilization.
9 (RLIN) 71416
Topical term or geographic name as entry element History
General subdivision Philosophy.
9 (RLIN) 71417
700 1# - ADDED ENTRY--PERSONAL NAME
Personal name Somervell, D. C.
Fuller form of name (David Churchill), 1885-1965, ed.
942 ## - ADDED ENTRY ELEMENTS (KOHA)
Source of classification or shelving scheme Dewey Decimal Classification
Koha item type Books
Holdings
Lost status Source of classification or shelving scheme Damaged status Not for loan Collection code Permanent Location Current Location Shelving location Date acquired Source of acquisition Cost, normal purchase price Total Checkouts Full call number Date last seen Copy number Koha item type
  Dewey Decimal Classification   Not For Loan Non-fiction Central Library, University of Rajshahi Central Library, University of Rajshahi Reading Room 06/04/1957 O.U.P. 20.90   909 TOS V.7-10 1957 10/03/2014 C-1 Books
  Dewey Decimal Classification     Non-fiction Central Library, University of Rajshahi Central Library, University of Rajshahi   11/03/1958 H.C. Of Canada     909 TOS V.7-10 1957 11/03/2014 C-2 Books
  Dewey Decimal Classification     Non-fiction Central Library, University of Rajshahi Central Library, University of Rajshahi   21/01/1975 M. OBIDUL HUQ 50.00   909 TOS V.7-10 1957 11/03/2014 C-3 Books